| 000 | 01182nam a2200241Ia 4500 | ||
|---|---|---|---|
| 999 |
_c56649 _d56649 |
||
| 001 | 23771 | ||
| 003 | GE_BSU | ||
| 005 | 20250520121628.0 | ||
| 008 | 181216s1965||||ge |||||||||||||| ||geo|| | ||
| 040 | _cGE_BSU | ||
| 041 | _ageo | ||
| 080 | _a611(075.8) ნ-19 | ||
| 100 |
_aნათიშვილი, ა. _923488 |
||
| 245 |
_aადამიანის ნორმალური ანატომია : _b[სახელმძღვ. სამედ. ინ-ტის სტუდენტებისათვის] / _c ა. ნათიშვილი; რედ. ნ. ჯავახიშვილი., მ. ტატიშვილი |
||
| 250 | _aმე-2 გამოც. | ||
| 264 |
_aთბილისი _bგანათლება, _c1965. |
||
| 300 |
_a624 გვ. : _b1ფ. პორტრ. ილ. ; _c27 სმ.. |
||
| 653 | _aადამიანის ნორმალური ანატომია | ||
| 653 | _aმედიცინა | ||
| 700 |
_aჯავახიშვილი, ნ. _eრედაქტორი _925078 |
||
| 700 |
_aტატიშვილი, მ. _eრედაქტორი _923489 |
||
| 942 |
_cBK _2udc |
||